| 000 | 00695nam a2200181Ia 4500 | ||
|---|---|---|---|
| 008 | 090124s9999 xx 000 0 und d | ||
| 082 | _b24329 | ||
| 100 | _aघाणेकर प्र. के. | ||
| 245 | _a महाराष्ट्र दर्शन 11 स्थल-दर्शन | ||
| 250 | _a0 | ||
| 260 |
_bअतुल प्रकाशन _c1986 |
||
| 300 | _a54 | ||
| 600 | _aघाणेकर प्र. के. | ||
| 630 | _a महाराष्ट्र दर्शन 11 स्थल-दर्शन | ||
| 700 | _aघाणेकर प्र. के. | ||
| 730 | _a महाराष्ट्र दर्शन 11 स्थल-दर्शन | ||
| 942 | _cBOOK | ||
| 999 |
_c92833 _d92833 |
||